|
|
|
|
| LEADER |
01108nam a22002777a 4500 |
| 001 |
35339 |
| 003 |
BD-DhAAL |
| 005 |
20211129150027.0 |
| 008 |
190912s2006 enkac 000 0 eng d |
| 999 |
|
|
|c 41218
|d 41218
|
| 020 |
|
|
|a 0194388581
|
| 020 |
|
|
|a 9780194388580
|
| 040 |
|
|
|a BD-DhAAL
|
| 082 |
|
|
|a 428.34
|2 22
|
| 100 |
|
|
|a Gairns, Ruth
|9 34466
|
| 245 |
|
|
|a Natural English :
|b pre-intermediate student's book /
|c Ruth Gairns; Stuart Redman
|
| 260 |
|
|
|a Oxford :
|b Oxford University Press,
|c 2006
|
| 300 |
|
|
|a 176 pages :
|b illustrations ;
|c 28 cm
|
| 526 |
|
|
|a BIED
|
| 541 |
|
|
|a Complimentary copy from BIED
|e 35339
|
| 650 |
|
|
|a English language
|v Textbooks for foreign speakers.
|9 34467
|
| 650 |
|
|
|a English language
|x Study and teaching
|x Foreign speakers.
|9 34468
|
| 700 |
|
|
|a Redman, Stuart
|9 34469
|
| 852 |
|
|
|a Ayesha Abed Library
|c BIED Collection
|
| 942 |
|
|
|2 ddc
|c BK
|
| 952 |
|
|
|0 0
|1 0
|2 ddc
|4 0
|6 428_340000000000000_GAI
|7 0
|9 66258
|a BRACUL
|b BRACUL
|c GEN
|d 2019-09-12
|e Complimentary copy from BIED
|l 1
|m 1
|o 428.34 GAI
|p 3010035339
|r 2024-03-20
|s 2024-03-09
|t 1
|w 2019-09-12
|y BK
|x Transferred from BIED to General Stacks
|